Schauspieler Quiz III - Statistiken

Allgemein
  • Dieses Quiz wurde 256 mal gespielt
  • Das Durchschnittsergebnis liegt bei 8 aus 16
Antwortstatistiken
Bildquiz Antwort % Korrekt
Tom Holland
86%
Brad Pitt
82%
Jennifer Aniston
81%
Jennifer Lawrence
78%
Margot Robbie
72%
Johnny Depp
71%
Marilyn Monroe
71%
Emma Stone
70%
Sandra Bullock
62%
Carrie Fisher
42%
Clint Eastwood
28%
Patrick Dempsey
25%
Elizabeth Taylor
15%
Lupita Nyong‘o
12%
Julie Andrews
11%
Debbie Reynolds
1%
Keine übereinstimmenden Quizze gefunden
Verteilung der Resultate
Anzahl Personen mit jedem Resultat
Perzentil nach korrekt beantworteten Fragen
Ihre Resultats-Entwicklung
Sie haben dieses Quiz noch nicht gespielt